| 000 | 01332nam a22004097a 4500 | ||
|---|---|---|---|
| 003 | EG-ScBUE | ||
| 005 | 20220623144248.0 | ||
| 008 | 110605s2008 enk f 000 0 eng d | ||
| 020 | _a9781405862554 | ||
| 040 |
_aEG-ScBUE _beng _erda _cEG-ScBUE _dEG-ScBUE |
||
| 082 | 0 | 4 |
_222 _a428.6 _bSTO |
| 245 | 0 | 0 |
_aStories of detection and mystery / _cSelected and retold by E. j. H. Morris and D. J. Mortimer. |
| 264 | 1 |
_aHarlow, England : _bPearson Education Limited, _c2008. |
|
| 300 |
_aix, 117 pages ; _c20 cm. |
||
| 336 |
_2rdacontent _atext _btxt |
||
| 337 |
_2rdamedia _aunmediated _bn |
||
| 338 |
_2rdacarrier _avolume _bnc |
||
| 490 | 0 |
_aPenguin readers ; _vlevel 5 |
|
| 521 | _aB2 : Upper-Intermediate | ||
| 650 | 7 |
_aReaders (Secondary) _2BUEsh |
|
| 650 | 7 |
_aDetective and mystery stories, English. _2BUEsh _934224 |
|
| 651 | _2BUEsh | ||
| 653 |
_cJune2011 _bHHUUEENN |
||
| 655 |
_vReading book _934232 |
||
| 700 | 1 |
_924628 _aMorris, E. J. H., _econtributor. |
|
| 700 | 1 |
_924629 _aMortimer, D. J., _econtributor. |
|
| 740 | _aThe Blue Cross | ||
| 740 | _aPhilomel Cottage | ||
| 740 | _aAn Unpleasant Man | ||
| 740 | _aThe Unlucky Theatre | ||
| 740 | _aThe Mezzotint | ||
| 740 | _aFamily Affair | ||
| 740 | _aThe Invisible Man | ||
| 740 | _aThe Case of the Thing That | ||
| 740 | _aWhimpered | ||
| 942 |
_2ddc _cBB |
||
| 999 |
_c15533 _d15533 |
||